000 00898cam a2200229 4500
001 J122314
008 030513n2003 000 0 eng u
035 _a(Sirsi) u122314
041 _aeng
050 _a630
_c18
110 _aDEFRA
245 _aOur strategy 2003-06
260 _aLondon
_bDEFRA
_c2003
520 _aSets out the DEFRA corporate strategy for 2003-2006. The document outlines the department's priority policy areas for the next three years rather than providing a detailed report of everything it does and explains how it has chosen to focus its efforts and resources. View at www.defra.gov.uk.
650 _aRURAL AREAS
650 _aPOVERTY
650 _aSOCIAL EXCLUSION
650 _aECONOMIC REGENERATION
690 _aREGENERATION
856 _uhttps://www.defra.gov.uk/corporate/strategy0306/index.htm
_vView the strategy on the DEFRA website...
942 _n0
999 _c102827
_d102827